[Event "ICS rated blitz match"]
[Site "204.178.125.65"]
[Date "2000.07.07"]
[Round "?"]
[White "PostModernist"]
[Black "Hossa"]
[Result "1-0"]
[WhiteElo "2535"]
[BlackElo "2548"]
[PlyCount "159"]
[EventDate "2000.??.??"]

1. d4 Nf6 2. c4 e6 3. Nf3 c5 4. d5 d6 5. Nc3 exd5 6. cxd5 g6 7. Bf4 a6 8. a4
Bg7 9. e4 Bg4 10. Be2 Bxf3 11. Bxf3 O-O 12. O-O Qc7 13. g4 h6 14. Qd2 g5 15.
Bg3 Nbd7 16. Rfd1 Rfe8 17. Qe3 b6 18. Qe2 c4 19. Rd4 Rac8 20. Qd1 Nh7 21. Rd2
Nc5 22. Re2 Nd3 23. Qd2 Nf8 24. Qe3 Ng6 25. Rc2 Re7 26. Rd1 Nge5 27. Be2 Nb4
28. Rcd2 Ned3 29. Rb1 Rce8 30. Qf3 Qb8 31. Rbd1 Nc5 32. Bxc4 Nxe4 33. Nxe4 Rxe4
34. b3 Qc7 35. Re2 Rxe2 36. Bxe2 Qc2 37. Bc4 Bf8 38. h3 Rd8 39. Re1 Bg7 40. Re7
Qg6 41. Qe3 Qb1+ 42. Kh2 Bf8 43. Rb7 b5 44. axb5 axb5 45. Qf3 f5 46. Bxb5 f4
47. Bxf4 gxf4 48. Qxf4 Qg6 49. Qxb4 Bg7 50. Bd7 Be5+ 51. Kg2 Rf8 52. Be6+ Kh8
53. Rb8 Qf6 54. Bf5 Rxb8 55. Qxb8+ Kg7 56. Be6 Qf8 57. Qxf8+ Kxf8 58. b4 Ke7
59. b5 Kd8 60. b6 Bd4 61. b7 Kc7 62. Bc8 Be5 63. h4 Bf4 64. Kf3 Bd2 65. Ke4 Be1
66. g5 hxg5 67. hxg5 Bc3 68. g6 Bg7 69. Kf5 Bc3 70. Ke6 Bd4 71. f4 Bc3 72. f5
Bd4 73. f6 Kb8 74. g7 Kc7 75. g8=Q Be5 76. Qd8+ Kb8 77. f7 Bf4 78. Kd7 Bh6 79.
Qc7+ Ka7 80. b8=Q# 1-0

[Event "ICS rated blitz match"]
[Site "204.178.125.65"]
[Date "2000.07.07"]
[Round "?"]
[White "Hossa"]
[Black "kako"]
[Result "1-0"]
[WhiteElo "2531"]
[BlackElo "1997"]
[PlyCount "69"]
[EventDate "2000.??.??"]

1. d4 Nf6 2. c4 d6 3. Nc3 e5 4. Nf3 Nbd7 5. e4 Be7 6. Be2 O-O 7. O-O Re8 8. Ng5
exd4 9. Qxd4 h6 10. Nh3 Bf8 11. Nf4 Nc5 12. Bf3 a5 13. Nfd5 Nfd7 14. Bg4 c6 15.
Nf4 Ne5 16. Bxc8 Rxc8 17. b3 Qh4 18. f3 Rcd8 19. Be3 Qe7 20. Qd2 Qc7 21. Rad1
b6 22. Qf2 Be7 23. Rd2 Bg5 24. Rfd1 Be7 25. Nce2 Bf8 26. Ng3 g6 27. Bd4 Rb8 28.
Nf1 Ne6 29. Bxe5 dxe5 30. Nxe6 Rxe6 31. Rd7 Qc8 32. Rd8 Qxd8 33. Rxd8 Rxd8 34.
Qxb6 Bb4 35. Qxd8+ 1-0

[Event "ICS Rated blitz match"]
[Site "204.178.125.65"]
[Date "2000.07.07"]
[Round "?"]
[White "RoFischer"]
[Black "Hossa"]
[Result "1/2-1/2"]
[WhiteElo "2178"]
[BlackElo "2532"]
[PlyCount "138"]
[EventDate "2000.??.??"]

1. e4 c5 2. Nf3 Nc6 3. d4 cxd4 4. Nxd4 e6 5. Nb5 d6 6. c4 Nf6 7. N5c3 Be7 8.
Be2 O-O 9. O-O b6 10. Be3 Bb7 11. Qd2 Ne5 12. f3 a6 13. Na3 Qc7 14. Rfd1 Rfc8
15. Rac1 Re8 16. Bf1 Nfd7 17. h3 Nc5 18. Nc2 Rac8 19. b3 Ba8 20. Nd4 Rcd8 21.
Qf2 Bf6 22. g3 Nc6 23. Nxc6 Qxc6 24. Bg2 Qc7 25. Bd4 Bxd4 26. Qxd4 d5 27. cxd5
exd5 28. Nxd5 Bxd5 29. exd5 Qxg3 30. Qf2 Qg5 31. f4 Qf5 32. Rc4 Qh5 33. Rcd4
Rd6 34. Qf3 Qh4 35. Qf2 Qf6 36. R1d2 a5 37. Kh2 Qf5 38. Qf3 b5 39. a3 Rg6 40.
b4 axb4 41. axb4 Na4 42. d6 Qf6 43. d7 Rd8 44. Re4 h6 45. Re8+ Kh7 46. Rxd8
Qxd8 47. Qd3 Kg8 48. Re2 Re6 49. Rxe6 fxe6 50. Qxb5 Nb6 51. Bc6 g6 52. Qe5 Kf7
53. Qd6 h5 54. b5 h4 55. Qd4 Nd5 56. Bxd5 Qxd7 57. Bxe6+ Qxe6 58. Qa7+ Ke8 59.
Qb8+ Kd7 60. Qb7+ Kd8 61. Qb8+ Kd7 62. Qb7+ Kd8 63. Qb8+ Kd7 64. Qb7+ Kd8 65.
Qb8+ Kd7 66. Qb7+ Kd8 67. Qb8+ Kd7 68. Qb7+ Kd8 69. Qb8+ Kd7 1/2-1/2

[Event "ICS rated blitz match"]
[Site "204.178.125.65"]
[Date "2000.07.07"]
[Round "?"]
[White "Hossa"]
[Black "Amateur"]
[Result "1-0"]
[WhiteElo "2520"]
[BlackElo "2576"]
[PlyCount "139"]
[EventDate "2000.??.??"]

1. d4 Nf6 2. c4 g6 3. Nc3 d5 4. cxd5 Nxd5 5. Bd2 Bg7 6. e4 Nxc3 7. Bxc3 Nc6 8.
Nf3 Bg4 9. d5 Bxc3+ 10. bxc3 Bxf3 11. Qxf3 Ne5 12. Qg3 Qd6 13. Qg5 O-O-O 14.
Be2 f5 15. Qe3 fxe4 16. Qxa7 Nd3+ 17. Bxd3 exd3 18. Qa8+ Kd7 19. Qxb7 Rb8 20.
Qa7 Qe5+ 21. Kf1 Qe2+ 22. Kg1 Qc2 23. g3 Qxc3 24. Qa4+ Kc8 25. Kg2 d2 26. Qe4
Rb6 27. f3 Rb2 28. Rhd1 Rf8 29. a4 Rf6 30. a5 Qc1 31. Kh1 Qc2 32. Qxe7 Ra6 33.
Qe4 h5 34. Qe2 Kb7 35. f4 Rd6 36. a6+ Ka7 37. Qe3+ Rdb6 38. Kg2 Qc4 39. Ra5 Qc1
40. Qe2 Qc3 41. Ra4 Rc2 42. Qf2 Rcb2 43. Rd4 Kxa6 44. Ra4+ Kb7 45. Qe2 R6b5 46.
Rc4 Qa5 47. d6 cxd6 48. Qe7+ Ka8 49. Qxd6 Ra2 50. Qxg6 Ka7 51. Qe8 Rb3 52. Rd4
h4 53. Qc6 h3+ 54. Kg1 Rbb2 55. Rd7+ Kb8 56. Qd6+ Ka8 57. g4 Qc3 58. Rd8+ Ka7
59. Kf2 Qb4 60. Rd7+ Qb7 61. Rxb7+ Kxb7 62. Qd3 Ra1 63. Qd7+ Kb6 64. Qd4+ Kc6
65. Qxb2 Ra4 66. Qc3+ Kb6 67. Rb1+ Ka7 68. Qc5+ Ka8 69. Qc6+ Ka7 70. Qxa4# {
Amateur checkmated} 1-0

[Event "ICS rated blitz match"]
[Site "204.178.125.65"]
[Date "2000.07.07"]
[Round "?"]
[White "PostModernist"]
[Black "Hossa"]
[Result "1-0"]
[WhiteElo "2555"]
[BlackElo "2539"]
[PlyCount "153"]
[EventDate "2000.??.??"]

1. d4 Nf6 2. c4 e6 3. Nf3 b6 4. e3 Bb7 5. Nc3 Bb4 6. Bd3 O-O 7. O-O c5 8. Na4
cxd4 9. a3 Be7 10. exd4 d5 11. c5 Ne4 12. Re1 Ba6 13. cxb6 axb6 14. Bxe4 dxe4
15. Rxe4 Bb7 16. Re3 Nd7 17. Nc3 Nf6 18. a4 Rc8 19. Qd3 Nd5 20. Nxd5 Bxd5 21.
b3 Qc7 22. Bd2 Qb8 23. Ne5 Qb7 24. f3 Bh4 25. Bb4 Rfd8 26. Re2 Bg5 27. Rd1 Qc7
28. Bd2 Bxd2 29. Rexd2 Qc3 30. Rb1 Qb4 31. Qe3 Rc3 32. Rd3 Rdc8 33. Qd2 Bxb3
34. Nd7 R8c4 35. Nxb6 Rc1+ 36. Rxc1 Qxd2 37. Rxd2 Rxc1+ 38. Kf2 f6 39. a5 Ra1
40. Rb2 Bd1 41. Nc4 Kf7 42. Ke3 Ke7 43. Rb7+ Kf8 44. h3 Bc2 45. Rb2 Bg6 46.
Rb8+ Ke7 47. Rb7+ Kf8 48. Rb6 Ke7 49. a6 Kd7 50. Kd2 Ra2+ 51. Kc3 Ra1 52. Kb4
Rb1+ 53. Kc5 Kc7 54. Rxe6 Ra1 55. Rb6 Kc8 56. d5 Kd8 57. Rb8+ Ke7 58. Rb7+ Kf8
59. d6 Ke8 60. Rb8+ Kd7 61. Nb6+ Ke6 62. d7 Rc1+ 63. Kb5 Bd3+ 64. Kb4 Rb1+ 65.
Kc3 Bb5 66. d8=Q Kf5 67. a7 Ra1 68. Qd5+ Kf4 69. Rb7 Bc6 70. Qd6+ Kf5 71. Rxg7
Rc1+ 72. Kd2 Rc2+ 73. Kxc2 Bxf3 74. Qc5+ Bd5 75. Nc4 Ke4 76. Rg4+ Kf5 77. Qxd5#
{Hossa checkmated} 1-0

[Event "ICS Rated standard match"]
[Site "204.178.125.65"]
[Date "2000.07.08"]
[Round "?"]
[White "PostModernist"]
[Black "Hossa"]
[Result "1-0"]
[WhiteElo "2389"]
[BlackElo "2328"]
[PlyCount "101"]
[EventDate "2000.??.??"]

1. d4 Nf6 2. c4 e6 3. Nf3 b6 4. g3 Bb7 5. Bg2 Be7 6. O-O O-O 7. Nc3 Ne4 8. Bd2
Bf6 9. Rc1 Nxd2 10. Qxd2 d6 11. Rcd1 Na6 12. e4 c5 13. Rfe1 Be7 14. b3 cxd4 15.
Nxd4 Qd7 16. Qe2 Bf6 17. Ndb5 Qe7 18. Nb1 Rad8 19. Rd2 Nc7 20. Nxa7 Ra8 21. Nb5
Nxb5 22. cxb5 Rac8 23. Red1 Rfd8 24. e5 Bxg2 25. exf6 Qxf6 26. Kxg2 Qe7 27. Rc2
Rxc2 28. Qxc2 d5 29. Nc3 Qb7 30. Qe4 Qb8 31. Qb4 h6 32. f4 Qa7 33. Qd4 Rb8 34.
a4 Rc8 35. Rc1 Kh7 36. h4 Qb7 37. h5 g6 38. hxg6+ Kxg6 39. g4 Rc7 40. Rh1 f5
41. g5 hxg5 42. fxg5 e5 43. Qxe5 d4+ 44. Nd5 Rc2+ 45. Kg3 Rc3+ 46. Kf4 Rf3+ 47.
Kxf3 Qg7 48. Qe8+ Qf7 49. Nf4+ Kxg5 50. Qd8+ Qe7 51. Qxe7# {Hossa checkmated}
1-0

[Event "ICS Rated blitz match"]
[Site "204.178.125.65"]
[Date "2000.07.08"]
[Round "?"]
[White "Hossa"]
[Black "Njall"]
[Result "1-0"]
[WhiteElo "2524"]
[BlackElo "2110"]
[PlyCount "103"]
[EventDate "2000.??.??"]

1. e4 c6 2. d4 d5 3. Nd2 dxe4 4. Nxe4 Bf5 5. Ng3 Bg6 6. h4 h6 7. Nh3 e6 8. Nf4
Bh7 9. Be3 Nf6 10. Bd3 Nbd7 11. Qe2 Bxd3 12. Nxd3 Qc7 13. Bf4 Bd6 14. Bxd6 Qxd6
15. O-O-O O-O-O 16. Ne5 Rhf8 17. Kb1 Nd5 18. Ne4 Qc7 19. Nxd7 Qxd7 20. c4 Ne7
21. Nc5 Qc7 22. Qe4 Nf5 23. g4 Nd6 24. Qd3 b6 25. Ne4 Kb8 26. Nxd6 Qxd6 27. Qf3
f5 28. Rhe1 fxg4 29. Qxg4 Rxf2 30. Qxg7 Qh2 31. Qe5+ Qxe5 32. Rxe5 Rf4 33. h5
Rf5 34. Rxe6 Rxh5 35. Rxc6 Rc8 36. Rxc8+ Kxc8 37. Kc2 Rh3 38. d5 Kd7 39. Rg1
Kd6 40. Rg7 b5 41. cxb5 Kxd5 42. a4 Kc4 43. Rc7+ Kb4 44. Rxa7 Rh2+ 45. Kc1 Kb3
46. a5 Rc2+ 47. Kd1 Rxb2 48. b6 Kc4 49. Ra8 Rb5 50. a6 Rxb6 51. Rc8+ Kb5 52. a7
{Njall resigns} 1-0

[Event "ICS rated blitz match"]
[Site "204.178.125.65"]
[Date "2000.07.08"]
[Round "?"]
[White "Hossa"]
[Black "asiota"]
[Result "1/2-1/2"]
[WhiteElo "2527"]
[BlackElo "2342"]
[PlyCount "123"]
[EventDate "2000.??.??"]

1. d4 d5 2. Nf3 c6 3. c4 Nf6 4. cxd5 cxd5 5. Bf4 e6 6. e3 a6 7. Bd3 Nc6 8. O-O
Be7 9. Ne5 O-O 10. Nxc6 bxc6 11. Qc2 Bd7 12. f3 Qb6 13. Rc1 Rfc8 14. Be5 c5 15.
Nc3 cxd4 16. Bxd4 Bc5 17. Nxd5 Bxd4 18. Nxb6 Bxe3+ 19. Qf2 Bxf2+ 20. Kxf2 Rxc1
21. Rxc1 Rb8 22. Nc4 Bb5 23. Ne5 Bxd3 24. Nxd3 Kf8 25. Ke3 Nd5+ 26. Kd4 Ke7 27.
g3 Kd6 28. Ne5 f6 29. Nc4+ Ke7 30. Ke4 Rb4 31. f4 Nb6 32. b3 a5 33. Rc3 a4 34.
Kd4 axb3 35. axb3 Nd5 36. Rd3 Rb5 37. h3 h5 38. Na3 Rb4+ 39. Kc5 Rb8 40. Nb5 h4
41. Na7 hxg3 42. Rxg3 Rg8 43. Rf3 g5 44. fxg5 Rxg5 45. Kc4 Nb6+ 46. Kd4 Rd5+
47. Ke3 f5 48. Rf1 Kf6 49. Rc1 Rd6 50. Nc6 e5 51. Rc5 Nd7 52. Rc3 Rd1 53. Ke2
Rd5 54. b4 e4 55. Ke3 Ne5 56. Nd4 Rd6 57. Rc8 Nf7 58. Rc5 Ne5 59. Rc8 Nf7 60.
Rc5 Ne5 61. Rc8 Nf7 62. Rc5 1/2-1/2

[Event "ICS rated standard match"]
[Site "204.178.125.65"]
[Date "2000.07.08"]
[Round "?"]
[White "Hossa"]
[Black "PostModernist"]
[Result "0-1"]
[WhiteElo "2315"]
[BlackElo "2402"]
[PlyCount "180"]
[EventDate "2000.??.??"]

1. d4 Nf6 2. c4 e6 3. Nf3 Bb4+ 4. Nc3 c5 5. Bf4 cxd4 6. Nxd4 Nc6 7. Ndb5 O-O 8.
Bd6 Bxd6 9. Nxd6 Ne8 10. Qd2 Qb6 11. Nxe8 Rxe8 12. e3 Rd8 13. Be2 Qc7 14. Nb5
Qe5 15. Nd6 b6 16. O-O Rb8 17. b4 Bb7 18. f4 Qf6 19. Rad1 Ne7 20. e4 Nc8 21. e5
Qh6 22. Nxb7 Rxb7 23. Rf3 g6 24. Rd3 Rc7 25. Rd4 Ne7 26. Rc1 Qg7 27. Rd3 f6 28.
Bg4 f5 29. Bd1 g5 30. Rg3 g4 31. Rd3 Ng6 32. Rd6 Rdc8 33. Ba4 Nf8 34. Bb5 Rd8
35. Rc3 Qe7 36. Rcd3 Qg7 37. Qe1 Ra8 38. Qe3 Rd8 39. Rd2 Qh6 40. Rd1 Qh4 41.
Qd3 Kg7 42. Bc6 Qh6 43. g3 Qh5 44. Rd2 Qe8 45. Bg2 Rdc8 46. Rc2 Kg8 47. Rc1 h5
48. Bf1 Qe7 49. Bg2 h4 50. Rc2 h3 51. Bh1 Ng6 52. Qb3 Nh8 53. Rd4 Nf7 54. Rcd2
Nd8 55. Qa4 Rxc4 56. Rxd7 Qf8 57. Qa6 Nf7 58. a3 Rc1+ 59. Rd1 R8c7 60. Qf1 Rxd7
61. Rxc1 Qd8 62. Bc6 Rd2 63. Kh1 Qd4 64. Ba8 Qb2 65. Rc8+ Kg7 66. Qg1 Qxa3 67.
b5 Ra2 68. Rc1 Rg2 69. Qf1 Qb2 70. Rd1 Rxh2+ 71. Kg1 Rc2 72. Bc6 a6 73. Bd7 Qc3
74. Rd3 Qc5+ 75. Kh1 Qc4 76. Bc6 Rc1 77. Rd1 Qxf1+ 78. Rxf1 Rxf1+ 79. Kh2 Nd8
80. Be8 Kf8 81. bxa6 Kxe8 82. a7 Ra1 83. a8=Q Rxa8 84. Kh1 Ra1+ 85. Kh2 Ra2+
86. Kg1 b5 87. Kh1 b4 88. Kg1 b3 89. Kh1 b2 90. Kg1 b1=Q# {Hossa checkmated}
0-1

[Event "ICS rated blitz match"]
[Site "204.178.125.65"]
[Date "2000.07.08"]
[Round "?"]
[White "warps"]
[Black "Hossa"]
[Result "1-0"]
[WhiteElo "2629"]
[BlackElo "2519"]
[PlyCount "101"]
[EventDate "2000.??.??"]

1. d4 Nf6 2. Bf4 g6 3. e3 Nc6 4. d5 Nb4 5. Bc4 b5 6. Bb3 Bb7 7. Nc3 c6 8. dxc6
Bxc6 9. Nf3 Bg7 10. O-O Nh5 11. Bg5 h6 12. Bh4 a5 13. a3 Bxc3 14. bxc3 Na6 15.
Ne5 Rh7 16. Qg4 Qc7 17. Nxf7 Rxf7 18. Qxg6 d5 19. Qxh5 Nc5 20. Bxd5 Bxd5 21.
Qxd5 Rd8 22. Qh5 Qc6 23. Rad1 Rxd1 24. Rxd1 Nd7 25. Bg3 Qxc3 26. Qd5 Qc8 27.
Qxb5 e5 28. Qxa5 Re7 29. Bh4 Rg7 30. c3 Rg4 31. Qd5 Rg6 32. Bg3 Qc7 33. f3 Qa7
34. Kh1 Qc7 35. f4 Nb6 36. Qe4 Rg7 37. Bh4 Nd7 38. Qa8+ Kf7 39. Bd8 Qc4 40.
Rxd7+ Ke6 41. Rd1 exf4 42. exf4 Rf7 43. Qb8 Rxf4 44. Rd6+ Kf5 45. Rf6+ Ke4 46.
Qxf4+ Kd3 47. Rd6+ Kxc3 48. Qc1+ Kb3 49. Rb6+ Ka4 50. Qxc4+ Kxa3 51. Be7# {
Hossa checkmated} 1-0

[Event "ICS rated blitz match"]
[Site "204.178.125.65"]
[Date "2000.07.08"]
[Round "?"]
[White "Brabo"]
[Black "Hossa"]
[Result "0-1"]
[WhiteElo "2097"]
[BlackElo "2508"]
[PlyCount "68"]
[EventDate "2000.??.??"]

1. d4 Nf6 2. c4 e6 3. Nc3 Bb4 4. e3 Bxc3+ 5. bxc3 c5 6. Bd3 Nc6 7. Ne2 O-O 8.
O-O b6 9. e4 d6 10. Bg5 Qe7 11. f4 cxd4 12. cxd4 h6 13. Bxf6 Qxf6 14. e5 Qd8
15. Be4 d5 16. cxd5 exd5 17. Bb1 Bg4 18. Rf2 Rc8 19. h3 Bxe2 20. Rxe2 Qh4 21.
Qd3 g6 22. Rf2 Rc7 23. a3 Rfc8 24. Ba2 Ne7 25. Raf1 Rc3 26. Qb5 Rxa3 27. Qd7
Ra5 28. Bb3 Rb8 29. f5 Nxf5 30. Rxf5 gxf5 31. Qxf5 Ra1 32. Qxf7+ Kh8 33. Bxd5
Qxd4+ 34. Kh2 Rxf1 {Brabo resigns} 0-1

[Event "ICS rated blitz match"]
[Site "204.178.125.65"]
[Date "2000.07.08"]
[Round "?"]
[White "WhiteCastles"]
[Black "Hossa"]
[Result "1-0"]
[WhiteElo "2861"]
[BlackElo "2511"]
[PlyCount "99"]
[EventDate "2000.??.??"]

1. d4 Nf6 2. c4 e6 3. Nf3 Bb4+ 4. Bd2 a5 5. g3 d5 6. Qc2 dxc4 7. Qxc4 Nc6 8.
Nc3 a4 9. a3 Bxc3 10. bxc3 Bd7 11. Qd3 Na5 12. Ne5 Nb3 13. Rd1 Nxd2 14. Rxd2
Qe7 15. c4 O-O 16. Bg2 Bc8 17. O-O Ne8 18. c5 Nf6 19. Rb2 Nd5 20. Rfb1 f6 21.
Nc4 Qf7 22. Qd2 Ra6 23. e4 Ne7 24. Na5 e5 25. d5 f5 26. Nxb7 fxe4 27. d6 Nf5
28. Bxe4 Nd4 29. Qd3 Bxb7 30. Rxb7 Qxf2+ 31. Kh1 Ra5 32. Rxc7 Kh8 33. d7 Ne6
34. Rc8 Nd8 35. c6 Rc5 36. c7 Rxc7 37. Rxc7 g6 38. Qd6 Kg8 39. Qxe5 h5 40. Rc8
h4 41. Rxd8 Rxd8 42. Bd5+ Kf8 43. Qd6+ Kg7 44. Qe7+ Kh6 45. Qxd8 Qd4 46. Qf8+
Qg7 47. d8=Q Qxf8 48. Qxf8+ Kg5 49. Qf4+ Kh5 50. Qxh4# {Hossa checkmated} 1-0

[Event "ICS rated blitz match"]
[Site "204.178.125.65"]
[Date "2000.07.08"]
[Round "?"]
[White "Hossa"]
[Black "WhiteCastles"]
[Result "0-1"]
[WhiteElo "2507"]
[BlackElo "2865"]
[PlyCount "88"]
[EventDate "2000.??.??"]

1. d4 d5 2. Bg5 h6 3. Bh4 c6 4. c3 Nd7 5. c4 Qb6 6. Qd2 dxc4 7. e3 e5 8. Nf3
exd4 9. Nxd4 Ne5 10. Nc3 Ne7 11. O-O-O N7g6 12. Nf3 Be6 13. Nxe5 Nxe5 14. e4
Bb4 15. f4 Nd3+ 16. Bxd3 cxd3 17. Qxd3 O-O 18. Kb1 f6 19. f5 Bf7 20. Qg3 Kh7
21. Rd7 Rad8 22. Rhd1 Bxc3 23. Qxc3 Bh5 24. g4 Rxd7 25. Rxd7 Qg1+ 26. Qc1 Qxg4
27. Qe1 Rf7 28. h3 Qxh3 29. Rd8 Re7 30. Ka1 Qg4 31. Bg3 Rxe4 32. Qg1 Qxf5 33.
Qb1 Bg6 34. Qh1 Qa5 35. Qd1 Ra4 36. Qb3 Qxd8 37. a3 Qd2 38. Qxa4 Qc1+ 39. Ka2
Bb1+ 40. Kb3 c5 41. Qe4+ Bxe4 42. Ka2 Bb1+ 43. Ka1 Bc2+ 44. Ka2 Qb1# {
Hossa checkmated} 0-1

[Event "ICS rated blitz match"]
[Site "204.178.125.65"]
[Date "2000.07.08"]
[Round "?"]
[White "WhiteCastles"]
[Black "Hossa"]
[Result "1-0"]
[WhiteElo "2869"]
[BlackElo "2503"]
[PlyCount "91"]
[EventDate "2000.??.??"]

1. d4 d5 2. c4 e6 3. Nc3 Nf6 4. cxd5 exd5 5. Bg5 c6 6. e3 Be7 7. Bd3 Nbd7 8.
Qc2 h6 9. Bh4 Nb6 10. Nge2 Bd6 11. Bg3 h5 12. Bxd6 Qxd6 13. h3 g6 14. O-O h4
15. Nb1 g5 16. a4 Qc7 17. a5 Nbd7 18. a6 bxa6 19. Nd2 g4 20. Rfc1 gxh3 21. gxh3
Nb8 22. Nf4 Nh5 23. Nxd5 Qd8 24. Nb4 Bxh3 25. Be4 Qg5+ 26. Kh2 Bd7 27. Bf3 Nf6
28. Ne4 Nxe4 29. Qxe4+ Kd8 30. d5 Re8 31. Qd4 Kc7 32. Ra5 f5 33. dxc6 Be6 34.
Qe5+ Kc8 35. Nd5 Bxd5 36. Qxe8+ Qd8 37. Qxd8+ Kxd8 38. c7+ Ke7 39. c8=Q Nd7 40.
Qc3 Bxf3 41. Re5+ Kf6 42. Rd5+ Kg6 43. Rxd7 Bg2 44. Qg7+ Kh5 45. Rd6 Bf3 46.
Qg6# {Hossa checkmated} 1-0

[Event "ICS rated blitz match"]
[Site "204.178.125.65"]
[Date "2000.07.08"]
[Round "?"]
[White "trinity"]
[Black "Hossa"]
[Result "0-1"]
[WhiteElo "2028"]
[BlackElo "2500"]
[PlyCount "38"]
[EventDate "2000.??.??"]

1. e4 e6 2. d4 d5 3. Nc3 Bb4 4. exd5 exd5 5. Bd3 Nf6 6. a3 Bxc3+ 7. bxc3 O-O 8.
Ne2 c5 9. dxc5 Nbd7 10. Be3 Ng4 11. Bd4 Qc7 12. Ng3 Re8+ 13. Kf1 Nxc5 14. Bf5
Ne5 15. f4 Nc4 16. Qg4 g6 17. Kf2 Ne4+ 18. Nxe4 Rxe4 19. Bxc8 Rxf4+ {
trinity resigns} 0-1

[Event "ICS Rated standard match"]
[Site "204.178.125.65"]
[Date "2000.07.08"]
[Round "?"]
[White "Hossa"]
[Black "jyq"]
[Result "1-0"]
[WhiteElo "2303"]
[BlackElo "2449"]
[PlyCount "57"]
[EventDate "2000.??.??"]

1. e4 c5 2. Nf3 e6 3. b3 d5 4. exd5 exd5 5. Bb5+ Nc6 6. Qe2+ Be6 7. O-O Be7 8.
d3 Bf6 9. Bxc6+ bxc6 10. c3 h6 11. Re1 Ne7 12. Ba3 Qa5 13. d4 cxd4 14. Nxd4
Bxd4 15. cxd4 Nf5 16. Bc5 Kd7 17. b4 Qb5 18. Qd2 Nd6 19. Bxd6 Kxd6 20. Nc3 Qa6
21. Rac1 Rab8 22. a4 Rhc8 23. b5 cxb5 24. Nxd5 Kxd5 25. Qf4 Rxc1 26. Rxc1 Qd6
27. Qf3+ Kxd4 28. Qd1+ Ke5 29. f4+ {jyq resigns} 1-0

[Event "ICS rated blitz match"]
[Site "204.178.125.65"]
[Date "2000.07.08"]
[Round "?"]
[White "Hossa"]
[Black "EXchess"]
[Result "1-0"]
[WhiteElo "2502"]
[BlackElo "2548"]
[PlyCount "65"]
[EventDate "2000.??.??"]

1. e4 e6 2. d4 d5 3. Nc3 Nf6 4. Bd3 Nc6 5. e5 Nd7 6. Nf3 Be7 7. O-O O-O 8. a3
Nb6 9. b3 Bd7 10. Ne2 a5 11. Bd2 a4 12. Qb1 axb3 13. cxb3 Rxa3 14. Bxh7+ Kh8
15. Rxa3 Bxa3 16. Ng5 g6 17. Qd3 Nxe5 18. dxe5 Qe7 19. Qh3 f5 20. Bxg6+ Kg8 21.
Bh7+ Kg7 22. Bxf5 Kg8 23. Bxe6+ Bxe6 24. Nxe6 Ra8 25. Qg4+ Kf7 26. N2d4 c6 27.
Qh5+ Kg8 28. Qg6+ Kh8 29. Bg5 Rg8 30. Bf6+ Rg7 31. Bxg7+ Kg8 32. Bf6+ Qg7 33.
Qxg7# {EXchess checkmated} 1-0

[Event "ICS rated blitz match"]
[Site "204.178.125.65"]
[Date "2000.07.08"]
[Round "?"]
[White "EXchess"]
[Black "Hossa"]
[Result "1-0"]
[WhiteElo "2530"]
[BlackElo "2520"]
[PlyCount "141"]
[EventDate "2000.??.??"]

1. e4 e6 2. d4 d5 3. Nc3 Bb4 4. e5 c5 5. a3 Ba5 6. Qg4 g6 7. dxc5 Bxc3+ 8. bxc3
Nc6 9. Bb5 Bd7 10. Bxc6 Bxc6 11. Nf3 Bb5 12. Bg5 Qc7 13. Qb4 Ba6 14. Qa4+ Qd7
15. Qxd7+ Kxd7 16. Nd2 h6 17. Be3 Ne7 18. O-O-O Be2 19. Rde1 Bb5 20. Nb3 g5 21.
h4 g4 22. h5 Nf5 23. Nd4 Nxe3 24. Nxb5 Nc4 25. Nd6 Nxa3 26. Rh4 Rhg8 27. Rd1
Ke7 28. Rd4 Nc4 29. Nxc4 dxc4 30. Rhxg4 Rgc8 31. Rxc4 Rc7 32. c6 bxc6 33. Rg7
Rh8 34. Ra4 Rb7 35. c4 Rd7 36. Ra6 Rc7 37. c5 Kf8 38. Rg4 Ke7 39. Rga4 Ra8 40.
g4 f6 41. f4 fxe5 42. fxe5 Kf7 43. Rf4+ Ke7 44. Rf6 Rh8 45. c4 Rh7 46. Rg6 Kd7
47. Ra3 Rb7 48. Rd3+ Kc7 49. Kd2 Rb2+ 50. Kc3 Rb1 51. Rd6 Rc1+ 52. Kd3 Rd1+ 53.
Ke2 Rxd6 54. cxd6+ Kb6 55. Rxe6 Kc5 56. Re7 Rh8 57. d7 Rg8 58. Rh7 Rb8 59. e6
Kd6 60. Rxh6 Kc7 61. Rg6 c5 62. h6 a6 63. h7 Rh8 64. Rg8 Rxh7 65. d8=Q+ Kc6 66.
e7 Rh2+ 67. Kd3 Rh3+ 68. Ke4 Re3+ 69. Kxe3 a5 70. Qb8 Kd7 71. e8=Q# {
Hossa checkmated} 1-0

[Event "ICS rated blitz match"]
[Site "204.178.125.65"]
[Date "2000.07.08"]
[Round "?"]
[White "Tinker"]
[Black "Hossa"]
[Result "1-0"]
[WhiteElo "2476"]
[BlackElo "2508"]
[PlyCount "123"]
[EventDate "2000.??.??"]

1. e4 e6 2. d4 d5 3. e5 c5 4. Nf3 Nc6 5. Be2 cxd4 6. O-O Bd7 7. Bf4 Qc7 8. Bb5
Nge7 9. Bd3 Ng6 10. Bxg6 hxg6 11. Re1 O-O-O 12. Nxd4 Nxd4 13. Qxd4 Rh4 14. Qd2
Be7 15. Nc3 Qc4 16. Bg3 Rd4 17. Qe3 Kb8 18. a3 Rc8 19. Rf1 Bd8 20. Qf3 Be8 21.
Rac1 Bg5 22. Rcd1 Rd2 23. Rc1 Rc6 24. Rfd1 Rc7 25. Re1 Kc8 26. Rf1 b6 27. h3
Ba4 28. Nxa4 Qxa4 29. b3 Qxa3 30. c4 Qb2 31. Rcd1 Rd7 32. Qg4 Rxd1 33. Rxd1
Qxb3 34. cxd5 exd5 35. Ra1 d4 36. Qxg5 d3 37. Rc1+ Kb7 38. Bf4 Qe6 39. Qg3 Qd5
40. Bd2 Qe4 41. Re1 Qf5 42. Qh4 b5 43. Qb4 a6 44. Qc5 Rc7 45. Qd5+ Rc6 46. Ba5
g5 47. g4 Qe6 48. Qxd3 Rc8 49. Rd1 Ka8 50. Qf3+ Kb8 51. Rd6 Rc1+ 52. Kg2 Qc8
53. Rd8 Qxd8 54. Bxd8 Rc8 55. Qd5 Rc3 56. Qxf7 Rc8 57. Qd7 Rc1 58. Bb6 b4 59.
Qa7+ Kc8 60. e6 Rg1+ 61. Kxg1 g6 62. Qc7# {Hossa checkmated} 1-0

[Event "ICS rated standard match"]
[Site "204.178.125.65"]
[Date "2000.07.08"]
[Round "?"]
[White "gradesix"]
[Black "Hossa"]
[Result "0-1"]
[WhiteElo "1871"]
[BlackElo "2310"]
[PlyCount "46"]
[EventDate "2000.??.??"]

1. d4 d5 2. Nf3 c6 3. Bg5 f6 4. Bh4 Nh6 5. Nbd2 g5 6. Bg3 Bg7 7. e3 Nf5 8. Bd3
O-O 9. h4 Nxg3 10. fxg3 g4 11. Ng1 e5 12. c4 Bh6 13. Kf2 Re8 14. Ne2 exd4 15.
exd4 Be3+ 16. Kf1 Kh8 17. Nf4 dxc4 18. Nxc4 Bxf4 19. gxf4 b5 20. Nd2 Qxd4 21.
Nb3 Qxf4+ 22. Kg1 Qe3+ 23. Kh2 g3# {gradesix checkmated} 0-1

[Event "ICS rated blitz match"]
[Site "204.178.125.65"]
[Date "2000.07.08"]
[Round "?"]
[White "mvlito"]
[Black "Hossa"]
[Result "0-1"]
[WhiteElo "2304"]
[BlackElo "2491"]
[PlyCount "44"]
[EventDate "2000.??.??"]

1. e4 d5 2. exd5 Qxd5 3. Nc3 Qd6 4. d4 Nf6 5. Nf3 a6 6. Be2 Nc6 7. O-O Bf5 8.
Be3 O-O-O 9. a4 Qb4 10. Nb5 Qxb2 11. Bd3 Bxd3 12. cxd3 axb5 13. axb5 Qxb5 14.
Ra8+ Kd7 15. Rxd8+ Kxd8 16. Qa1 h6 17. Rb1 Qa6 18. Qc3 Nd5 19. Qb3 e6 20. Nd2
Na5 21. Qc2 Nb4 22. Qa4 Nac6 {mvlito resigns} 0-1

[Event "ICS rated blitz match"]
[Site "204.178.125.65"]
[Date "2000.07.08"]
[Round "?"]
[White "Hossa"]
[Black "EXchess"]
[Result "1-0"]
[WhiteElo "2499"]
[BlackElo "2576"]
[PlyCount "223"]
[EventDate "2000.??.??"]

1. e4 c5 2. c3 d5 3. Bd3 dxe4 4. Bxe4 Nf6 5. Bc2 Qd5 6. Nf3 Qe6+ 7. Kf1 Nc6 8.
d3 Nd5 9. Na3 Qg4 10. h3 Qd7 11. Ba4 Nb6 12. Ne5 Qd5 13. Bxc6+ bxc6 14. Qe2 f6
15. Nf3 Ba6 16. c4 Qd6 17. h4 O-O-O 18. Ne1 e5 19. Rh3 Nd7 20. Bd2 Qc7 21. Nf3
Nb6 22. Kg1 Qd7 23. Ne1 Bxc4 24. Nxc4 Nxc4 25. Rc1 Nxd2 26. Qxd2 Qf7 27. Qa5
Qb7 28. Qc3 Qa6 29. a3 Kd7 30. Qb3 Qb6 31. Qf7+ Kc8 32. b3 Kb8 33. Nc2 Qa5 34.
b4 Qb6 35. Rb1 cxb4 36. axb4 a5 37. Qc4 Rd7 38. h5 a4 39. Qe6 Re7 40. Qa2 Ra7
41. Ra1 Ra6 42. Qf7 Ka8 43. Rc1 Qa7 44. Qc4 Rb6 45. Rb1 Qa6 46. Qa2 Rb7 47. Rb3
Be7 48. Ra3 Ra7 49. Rg3 Bf8 50. Qe6 Kb8 51. d4 Re7 52. Qg4 Rc7 53. dxe5 fxe5
54. Qd1 Qb5 55. Ne3 Bxb4 56. Rxa4 Bc5 57. Qa1 Rf8 58. Ra5 Qb6 59. Ra8+ Kb7 60.
Rxf8 Bxf8 61. Nc4 Qc5 62. Rb3+ Kc8 63. Nxe5 Ra7 64. Qe1 Bd6 65. Nd3 Qxh5 66. g3
c5 67. Qe6+ Kc7 68. Rb1 Qg6 69. Qd5 Be7 70. Qb3 Qa6 71. Qb8+ Kc6 72. Rd1 c4 73.
Qe8+ Kb6 74. Rb1+ Ka5 75. Ne5 Bf6 76. Nc6+ Ka4 77. Nb8+ Ka3 78. Nxa6 Rxa6 79.
Qe3+ Ka2 80. Rc1 Bb2 81. Rxc4 Ra3 82. Qe8 h6 83. Rb4 h5 84. Qf7+ Ka1 85. Qxh5
Rc3 86. Qa5+ Kb1 87. Rxb2+ Kxb2 88. Qxc3+ Kxc3 89. Kg2 Kd4 90. Kf3 Kd3 91. Kf4
Ke2 92. f3 Kf2 93. g4 Kg2 94. g5 Kh3 95. Kf5 Kg3 96. f4 Kf3 97. g6 Kf2 98. Ke4
Kg3 99. f5 Kg4 100. f6 gxf6 101. g7 f5+ 102. Ke5 f4 103. g8=Q+ Kf3 104. Qb3+
Kg4 105. Qd3 f3 106. Qg6+ Kh3 107. Kf4 Kh2 108. Qc2+ f2 109. Qxf2+ Kh1 110. Qe2
Kg1 111. Kg3 Kh1 112. Qe1# {EXchess checkmated} 1-0